Sąsiedzi Polski - Statystyki

Ogólne statystyki
  • Ten quiz został rozwiązany 19 razy
  • Średni wynik to 7 z 7
Statystyki odpowiedzi
Sąsiad Państwo % Poprawnych
sąsiad: Czechy
100%
sąsiad: Litwa
100%
sąsiad: Niemcy
100%
sąsiad: Rosja
100%
sąsiad: Słowacja
94%
sąsiad: Ukraina
94%
sąsiad: Białoruś
88%
Nie znaleziono quizów pasujących do podanych kryteriów
Rozkład punktacji
Procent ludzi z każdym wynikiem
Percentyl według liczby udzielonych odpowiedzi
Twoja historia wyników
Nie rozwiązałeś tego quizu